Statistics for Population of countries in 2100

Click here to take the quiz!

General Stats

  • This quiz has been taken 36 times
    (26 since last reset)
  • The average score is 15 of 20

Answer Stats

PopulationCountry% Correct
766,673,270China
100%
1,529,850,119India
100%
184,547,593Brazil
91%
167,008,298Niger
91%
546,091,663Nigeria
91%
205,225,076Egypt
87%
323,741,600Ethiopia
83%
115,626,629Mexico
83%
487,017,406Pakistan
83%
112,068,748Russia
78%
176,366,038Bangladesh
74%
432,378,401Dr congo
74%
296,623,475Indonesia
74%
112,525,079Kenya
70%
244,819,886Tanzania
70%
141,996,161Sudan
57%
394,041,155United states
57%
132,901,280Angola
52%
180,147,660Philippines
52%
132,127,044Uganda
52%

Score Distribution

Percentile by Number Answered

Percent of People with Each Score

Your Score History

You have not taken this quiz since the last reset